Online
Catalog

Tu rostro buscaré, Señor : (Record no. 28526)

MARC details
000 -CABECERA
campo de control de longitud fija 00645nam a2200205 a 4500
001 - NÚMERO DE CONTROL
campo de control 000029034
005 - FECHA Y HORA DE LA ÚLTIMA TRANSACCIÓN
campo de control 20250217092805.0
008 - DATOS DE LONGITUD FIJA--INFORMACIÓN GENERAL
campo de control de longitud fija 110413s2008 dr 000 0 spa d
040 ## - FUENTE DE LA CATALOGACIÓN
Centro catalogador/agencia de origen DO-SdBNP
Lengua de catalogación spa
Centro/agencia transcriptor BNPHU
082 ## - NÚMERO DE LA CLASIFICACIÓN DECIMAL DEWEY
Número de clasificación xxx
Número de documento/Ítem J91t
049 ## - FONDOS LOCALES (OCLC)
Fondos de biblioteca BNPD
100 1# - ENTRADA PRINCIPAL--NOMBRE DE PERSONA
Nombre de persona Juanes, Benigno
Fechas asociadas al nombre 1916-2009
9 (RLIN) 442
245 10 - MENCIÓN DE TÍTULO
Título Tu rostro buscaré, Señor :
Resto del título (Hallar a Dios y orar en todo momento) /
Mención de responsabilidad, etc. Benigno Juanes.
260 ## - PUBLICACIÓN, DISTRIBUCIÓN, ETC.
Lugar de publicación, distribución, etc. Santo Domingo :
Nombre del editor, distribuidor, etc. Amigo del hogar,
Fecha de publicación, distribución, etc. 2008.
300 ## - DESCRIPCIÓN FÍSICA
Extensión 254 p. ;
Dimensiones 21 cm.
490 1# - MENCIÓN DE SERIE
Mención de serie Senda
490 1# - MENCIÓN DE SERIE
Mención de serie Guiones para una vida en Cristo
Designación de volumen o secuencia 10
830 #0 - PUNTO DE ACCESO ADICIONAL DE SERIE-TÍTULO UNIFORME
Título uniforme Senda
9 (RLIN) 12405
830 #0 - PUNTO DE ACCESO ADICIONAL DE SERIE-TÍTULO UNIFORME
Título uniforme Guiones para una vida en Cristo
Designación de volumen o secuencia 10
9 (RLIN) 446
Holdings
Estado de retiro Estado de pérdida No para préstamo Código de colección Localización permanente Ubicación/localización actual Ubicación en estantería Fecha de adquisición Número de inventario Total de préstamos Signatura topográfica completa Código de barras Fecha visto por última vez Precio válido a partir de Tipo de ítem Koha Número de copia Restricciones de uso
    Excluido de préstamo Patrimonio Dominicano Patrimonio Dominicano Patrimonio Dominicano Depósito 13.04.2011 LF1   xxx J91t 29034-10 25.06.2020 25.06.2020 Libro y Folleto Colección Patrimonio Dominicano    
    Excluido de préstamo Patrimonio Dominicano Patrimonio Dominicano Patrimonio Dominicano En catalogación 27.04.2011 LF1   xxx J91t 29034-20 25.06.2020 25.06.2020 Libro y Folleto Colección Patrimonio Dominicano e. 2  
      Dominicana de Servicio Patrimonio Dominicano Patrimonio Dominicano En catalogación 04.10.2012 LF1   xxx J91t 29034-40 25.06.2020 25.06.2020 Libro y Folleto Colección Dominicana de Servicio e. 3  

Powered by Koha